LEADER 01118nam a2200289 u 4500 001 000000012032 003 CaOOAMICUS 005 20070226105506.0 008 940516s1960 it u000 u ita u 035 $a10292812 040 $aPUL$bita 100 1 $aLaeng, Mauro,$d1926-$0(OLS)http://pul/name/2219 245 10$aProblemi di struttura della pedagogia /$cMauro Laeng. 260 $aBrescia :$bLa Scuola,$c1960. 300 $a287 p. ;$c21 cm 490 1 $aPedagogia e scuola 500 $aIncludes index. 504 $aIncludes bibliographical references. 650 0$aEducation$xPhilosophy.$2//eng$0(OLS)http://pul/subject/3485 650 0$aEducation.$2//eng$0(OLS)http://pul/subject/3487 830 0$aPedagogia e scuola.$0(OLS)http://pul/title/17441 850 $aPUL 852 $aPUL$W1$xSL Religione 1$y3$m40 L 57$j16954$nBK-PRI$b $qStampati$B16954$CPULBib$Z2$F16954 $H $81 941 1 $a8 961 $aINV: 53796 996 $6245$aProblemi di struttura della pedagogia$9(OLS)http://pul/title/17440 996 $6260$aBrescia :$bLa Scuola$9(OLS)http://pul/publisher/48404 LEADER 01401nam a2200337 a 4500 001 000000139330 003 CaOOAMICUS 005 20140721141241.0 008 140721s2014 it u000 u ita r 020 $a978-88-07-88243-2 040 $aPUL$bita 041 1 $aita$heng 082 04$a155 100 1 $aLowen, Alexander,$d1910-$0(OLS)http://pul/name/68110 240 10$aNarcissism.$lItaliano.$0(OLS)http://pul/title/176384 245 13$aIl narcisismo :$bl'identita rinnegata /$cAlexander Lowen ; traduzione di Stefano Magagnoli. 260 $aMilano :$bFeltrinelli,$c©2014. 300 $a199 p. ;$c20 cm 490 1 $aUniversale economica. Saggi ;$v8243 504 $aInclude riferimenti bibliografici. 650 4$aNarcisismo.$0(OLS)http://pul/subject/19200 650 4$aPsicologia$xPersonalità.$0(OLS)http://pul/subject/37073 830 0$aUniversale economica.$pSaggi ;$v8243.$0(OLS)http://pul/title/159380 850 $aPUL 852 $aPUL$W1$xSL Filosofia 3$y81$m155 LOWAL 1$j160929$qDDC 21$B160369$CPULBib$Z2$F160369 $H124445 $82 941 1 $a9 996 $6020$a978-88-07-88243-2$9(OLS)http://pul/number/155781 996 $6082$a155$9(OLS)http://pul/classification/694 996 $6245$aIl narcisismo :$bl'identita rinnegata$9(OLS)http://pul/title/176385 996 $6260$aMilano :$bFeltrinelli$9(OLS)http://pul/publisher/48846